000 00484nam a2200181Ia 4500
005 20250317123418.0
008 008 250317s9999 xx 000 0 eng d
037 _aTextbook
040 _aFMSL
_beng
_cFMSL
041 _aeng
_2eng
084 _aD658(B) L2
_qFMSL
100 _aFoy N
245 0 _aComputers and common sense
260 _aNew Delhi
_bNew Delhi, Auerbach
_c1972
300 _a210p
942 _cTB
_hD658(B) L2
999 _c1251145
_d1251145